[Event "FBL 1"]
[Site "Deutschland"]
[Date "2010.03.14"]
[Round "9.5"]
[White "Manusina, Nicole"]
[Black "Schulz, Anja"]
[Result "0-1"]
[WhiteElo "1789"]
[BlackElo "1996"]
[PlyCount "124"]
[EventDate "2009.11.07"]
[EventType "team"]
[EventCountry "GER"]
[WhiteTeam "SK Lehrte"]
[BlackTeam "Rodewischer Schachmiezen"]

1. d4 Nf6 2. c4 g6 3. Nc3 Bg7 4. e4 d6 5. f3 O-O 6. Be3 a6 7. Bd3 Nbd7 8. Nge2
c5 9. O-O b6 10. Qd2 Qc7 11. d5 Ne5 12. Rae1 Nfd7 13. b3 Rb8 14. a4 Nxd3 15.
Qxd3 Ne5 16. Qd2 Bd7 17. h3 f5 18. f4 Nf7 19. Rf3 b5 20. axb5 axb5 21. h4 b4
22. Nd1 fxe4 23. Rff1 Nh6 24. Ng3 Bf5 25. Qe2 Ng4 26. Bc1 Bd4+ 27. Kh1 Bf6 28.
Nxf5 gxf5 29. g3 Kf7 30. Ne3 Nxe3 31. Qh5+ Kg8 32. Rxe3 Qd7 33. Re2 Kh8 34. Rg2
Rg8 35. Qe2 Rg4 36. Bb2 Rbg8 37. Rfg1 Qe8 38. Bxf6+ exf6 39. Qe3 Qg6 40. Kh2
Ra8 41. Rb1 Ra3 42. Qd2 Qh6 43. Qb2 Rg8 44. Ra1 Rga8 45. Rxa3 Rxa3 46. Re2 Kg7
47. Re3 Qh5 48. Qb1 Qe8 49. Qd1 Ra2+ 50. Kh3 h5 51. Re2 Rxe2 52. Qxe2 e3 53.
Kh2 Kg6 54. Kg1 Qe4 55. Kh2 Kh6 56. Kg1 Qb1+ 57. Kg2 Qxb3 58. Kf3 Qc3 59. Qxe3
Qxc4 60. Qd2 b3 61. Qb2 Qe4+ 62. Kf2 Qc2+ 0-1

[Event "FBL 1"]
[Site "Deutschland"]
[Date "2010.03.14"]
[Round "9.6"]
[White "Sandner, Heike"]
[Black "Braje, Monika"]
[Result "1-0"]
[WhiteElo "2043"]
[BlackElo "1600"]
[PlyCount "113"]
[EventDate "2009.11.07"]
[EventType "team"]
[EventCountry "GER"]
[WhiteTeam "Rodewischer Schachmiezen"]
[BlackTeam "SK Lehrte"]

1. e4 d5 2. exd5 Nf6 3. d4 Nxd5 4. Nf3 Bg4 5. Be2 g6 6. a3 Bf5 7. O-O Bg7 8. c3
O-O 9. Bc4 Nc6 10. Nbd2 a6 11. Re1 h6 12. Nf1 Be6 13. Bd3 Bd7 14. Ng3 e6 15.
Bd2 Kh7 16. h4 f5 17. Qc2 Qf6 18. Re2 Rae8 19. Rae1 Nd8 20. Ne5 Bc8 21. c4 Ne7
22. Nf3 b6 23. Bc3 Qf7 24. Ne5 Bxe5 25. dxe5 Bb7 26. Rd2 Rg8 27. Red1 Kh8 28.
Be2 Nec6 29. b4 Nb8 30. a4 Qe7 31. Rd4 Ndc6 32. R4d3 Qxh4 33. Bf3 Qxc4 34. Qd2
Qh4 35. b5 axb5 36. axb5 Nd8 37. Rd4 Qg5 38. Qe2 Kh7 39. Rc4 Rg7 40. Rdd4 Qe7
41. Bd2 g5 42. Nh5 Reg8 43. Nf6+ Kh8 44. Nxg8 Kxg8 45. Bb4 Bxf3 46. Qxf3 Qe8
47. Qa8 Rd7 48. Rxd7 Qxd7 49. Rc1 Qc8 50. Qa7 c5 51. bxc6 Nbxc6 52. Qxb6 Qa8
53. Rd1 Qa4 54. Rxd8+ Nxd8 55. Qxd8+ Kf7 56. Qf6+ Kg8 57. Qxe6+ 1-0

[Event "FBL 1"]
[Site "Deutschland"]
[Date "2010.03.14"]
[Round "9.1"]
[White "Hess, Olena"]
[Black "Ohme, Melanie"]
[Result "1/2-1/2"]
[WhiteElo "2180"]
[BlackElo "2310"]
[PlyCount "46"]
[EventDate "2009.11.07"]
[EventType "team"]
[EventCountry "GER"]
[WhiteTeam "SV Medizin Erfurt"]
[BlackTeam "SC Leipzig-Gohlis"]

1. Nf3 Nf6 2. c4 g6 3. Nc3 Bg7 4. e4 d6 5. d4 O-O 6. Be2 e5 7. O-O Nc6 8. d5
Ne7 9. b4 Nh5 10. Re1 a5 11. bxa5 Rxa5 12. a4 c5 13. Nb5 Ra6 14. Ra3 f5 15. Ng5
Nf6 16. exf5 gxf5 17. f4 Ng6 18. Bh5 Ng4 19. Rh3 Bh6 20. Bxg6 hxg6 21. Rxh6
Nxh6 22. fxe5 f4 23. Ne6 Bxe6 1/2-1/2

[Event "FBL 1"]
[Site "Deutschland"]
[Date "2010.03.14"]
[Round "9.2"]
[White "Reizniece, Dana"]
[Black "Mueller Ludwig, Kristin"]
[Result "1-0"]
[WhiteElo "2341"]
[BlackElo "2151"]
[PlyCount "79"]
[EventDate "2009.11.07"]
[EventType "team"]
[EventCountry "GER"]
[WhiteTeam "SC Leipzig-Gohlis"]
[BlackTeam "SV Medizin Erfurt"]

1. c4 g6 2. Nc3 Bg7 3. g3 d6 4. Bg2 e5 5. Nf3 Nf6 6. O-O O-O 7. d4 exd4 8. Nxd4
Nbd7 9. e4 Re8 10. h3 a6 11. Rb1 Rb8 12. Re1 Ne5 13. b3 Bd7 14. f4 Nc6 15. Nxc6
Bxc6 16. Bb2 Nd7 17. Nd5 b5 18. Bxg7 Kxg7 19. Qd4+ f6 20. cxb5 Bxd5 21. exd5
Rxb5 22. g4 a5 23. Bf1 Rb4 24. Bc4 Nc5 25. g5 Kf7 26. Rxe8 Kxe8 27. a3 Rb8 28.
b4 axb4 29. axb4 Kf7 30. Bf1 Nd7 31. h4 Qe7 32. Kf2 Re8 33. Rc1 fxg5 34. hxg5
Nb6 35. Bb5 Ra8 36. Re1 Qf8 37. Bf1 Re8 38. Qf6+ Kg8 39. Rxe8 Qxe8 40. Bh3 1-0

[Event "FBL 1"]
[Site "Deutschland"]
[Date "2010.03.14"]
[Round "9.3"]
[White "Troyke, Doreen"]
[Black "Beltz, Franziska"]
[Result "1/2-1/2"]
[WhiteElo "2105"]
[BlackElo "2132"]
[PlyCount "86"]
[EventDate "2009.11.07"]
[EventType "team"]
[EventCountry "GER"]
[WhiteTeam "SV Medizin Erfurt"]
[BlackTeam "SC Leipzig-Gohlis"]

1. g3 d5 2. Bg2 Nf6 3. Nf3 g6 4. c4 Bg7 5. O-O O-O 6. cxd5 Nxd5 7. Nc3 Nb6 8.
d3 Nc6 9. Be3 h6 10. Qc1 Kh7 11. Rd1 Bg4 12. h3 Bf5 13. a4 e5 14. a5 Nd7 15. a6
bxa6 16. Nh4 Nd4 17. Nxf5 gxf5 18. Bxd4 exd4 19. Nd5 Rb8 20. Rxa6 Re8 21. Rd2
c5 22. Rxa7 Re6 23. Rc2 Be5 24. Nf4 Reb6 25. Nd5 Rg6 26. Kh1 Kh8 27. Qa1 f4 28.
Nxf4 Bxf4 29. gxf4 Rf6 30. Ra6 Rxf4 31. Rxh6+ Kg7 32. Rh5 Rxf2 33. Qc1 Qf6 34.
Qg5+ Qxg5 35. Rxg5+ Kf6 36. Rg3 Ne5 37. Kg1 Rf4 38. Be4 Rb5 39. Bf3 Ra5 40. Rc1
Rb5 41. Rc2 Ra5 42. Rc1 Rb5 43. Rc2 Ra5 1/2-1/2

[Event "FBL 1"]
[Site "Deutschland"]
[Date "2010.03.14"]
[Round "9.4"]
[White "Ulms, Sandra"]
[Black "Hannes, Diana"]
[Result "1-0"]
[WhiteElo "2127"]
[BlackElo "2115"]
[PlyCount "95"]
[EventDate "2009.11.07"]
[EventType "team"]
[EventCountry "GER"]
[WhiteTeam "SC Leipzig-Gohlis"]
[BlackTeam "SV Medizin Erfurt"]

1. d4 Nf6 2. c4 e6 3. Nf3 b6 4. g3 Bb7 5. Bg2 Be7 6. O-O O-O 7. Nc3 Ne4 8. Nd2
Nxc3 9. bxc3 Bxg2 10. Kxg2 d6 11. e4 e5 12. Qe2 c5 13. d5 Nd7 14. f4 Bf6 15. f5
Bg5 16. Nf3 Bxc1 17. Raxc1 f6 18. Rf2 Kf7 19. Kh1 Ke7 20. g4 h6 21. h4 Rh8 22.
Rg1 Qe8 23. Nh2 Qf7 24. Rfg2 Rag8 25. Qd1 Qe8 26. Rg3 Qc8 27. Qa4 Qb7 28. Nf3
Rb8 29. Rb1 Rbc8 30. Rg2 Rb8 31. Kg1 Rh7 32. Qb3 Qc7 33. a4 Rhh8 34. Qa3 Kf7
35. Kf2 Rb7 36. Ke3 Rhb8 37. g5 hxg5 38. hxg5 Rh8 39. Rbg1 Qc8 40. Qb2 Qe8 41.
gxf6 gxf6 42. Rg7+ Kf8 43. R1g6 Qd8 44. Nh4 Ke8 45. Rg8+ Rxg8 46. Rxg8+ Nf8 47.
Ng6 Rf7 48. Qb5+ 1-0

[Event "FBL 1"]
[Site "Deutschland"]
[Date "2010.03.14"]
[Round "9.5"]
[White "Umpfenbach, Carolin"]
[Black "Bielicki, Birke"]
[Result "1/2-1/2"]
[WhiteElo "2122"]
[BlackElo "2192"]
[PlyCount "117"]
[EventDate "2009.11.07"]
[EventType "team"]
[EventCountry "GER"]
[WhiteTeam "SV Medizin Erfurt"]
[BlackTeam "SC Leipzig-Gohlis"]

1. d4 Nf6 2. c4 g6 3. Nf3 Bg7 4. Nbd2 d6 5. b3 O-O 6. Bb2 Nbd7 7. Qc2 Re8 8. e4
e5 9. dxe5 Nxe5 10. Nxe5 dxe5 11. Be2 Bg4 12. Bxg4 Nxg4 13. Nf3 Qe7 14. O-O
Rad8 15. Rad1 f6 16. Rxd8 Rxd8 17. h3 Nh6 18. Rd1 Nf7 19. Rd3 Bf8 20. Rxd8 Nxd8
21. Bc1 Nc6 22. Be3 b6 23. Qd2 Qd6 24. Qxd6 Bxd6 25. Ne1 Bc5 26. Bd2 Kf7 27.
Kf1 a5 28. Nd3 Bd4 29. Ke2 Nd8 30. f3 Ke6 31. Ne1 c5 32. Kd3 Nc6 33. Nc2 Nb4+
34. Bxb4 axb4 35. a3 Bc3 36. axb4 Bxb4 37. Ne3 Ba5 38. Kc2 f5 39. Nd5 h5 40.
Kb2 g5 41. Ka3 fxe4 42. fxe4 Kd6 43. Ka4 Kc6 44. Ne7+ Kd6 45. Nf5+ Kc6 46. Ng3
h4 47. Nf1 Be1 48. Nh2 Bd2 49. Ng4 Bc3 50. Nh6 Bd2 51. Nf5 Ba5 52. Ne7+ Kd7 53.
Nf5 Kc6 54. g3 hxg3 55. Nxg3 Bd2 56. Nf5 Bf4 57. Ne7+ Kd7 58. Nd5 Kc6 59. Ne7+
1/2-1/2

[Event "FBL 1"]
[Site "Deutschland"]
[Date "2010.03.14"]
[Round "9.6"]
[White "Mertens, Pauline"]
[Black "Grohmann, Katrin"]
[Result "1-0"]
[WhiteElo "2011"]
[BlackElo "1898"]
[PlyCount "61"]
[EventDate "2009.11.07"]
[EventType "team"]
[EventCountry "GER"]
[WhiteTeam "SC Leipzig-Gohlis"]
[BlackTeam "SV Medizin Erfurt"]

1. e4 d6 2. d4 Nf6 3. Nc3 g6 4. f4 Bg7 5. Nf3 O-O 6. Bd3 Nbd7 7. e5 Ne8 8. O-O
c5 9. Be3 cxd4 10. Bxd4 dxe5 11. fxe5 Nc7 12. Bc4 e6 13. Ne4 b5 14. Bb3 a5 15.
a4 b4 16. Qd2 Bb7 17. Rfe1 Nd5 18. Rad1 Qb8 19. c4 bxc3 20. Nxc3 Nxc3 21. Qxc3
Rc8 22. Qe3 Bxf3 23. gxf3 Nxe5 24. Bxe6 Nxf3+ 25. Qxf3 Bxd4+ 26. Rxd4 fxe6 27.
Qf6 Re8 28. Rd7 Qb6+ 29. Kf1 Rf8 30. Rg7+ Kh8 31. Rf7+ 1-0

[Event "FBL 1"]
[Site "Deutschland"]
[Date "2010.03.14"]
[Round "9.1"]
[White "Haecker, Sonja"]
[Black "Petrenko, Swetlana"]
[Result "0-1"]
[WhiteElo "2064"]
[BlackElo "2265"]
[PlyCount "116"]
[EventDate "2009.11.07"]
[EventType "team"]
[EventCountry "GER"]
[WhiteTeam "SV Wolfbusch"]
[BlackTeam "SK Großlehna"]

1. e4 c5 2. Nc3 e5 3. g3 Nf6 4. Bg2 Be7 5. d3 Nc6 6. f4 exf4 7. Bxf4 d6 8. Nge2
Bg4 9. Qd2 O-O 10. O-O Qd7 11. Bh1 Rac8 12. d4 Nxd4 13. Nxd4 cxd4 14. Qxd4 d5
15. Qd2 Bc5+ 16. Rf2 dxe4 17. Qxd7 Bxd7 18. Nxe4 Nxe4 19. Bxe4 Rfe8 20. Bd3 Bh3
21. Rc1 h6 22. Bf1 Bf5 23. c3 g5 24. Bd2 Rcd8 25. Be1 Be3 26. Ra1 Be4 27. Bc4
Bd5 28. Bb5 Bc6 29. Bc4 Re7 30. Kf1 Bxf2 31. Kxf2 b5 32. Bf1 f5 33. c4 bxc4 34.
Bxc4+ Kg7 35. Bc3+ Kg6 36. Re1 Rxe1 37. Kxe1 f4 38. gxf4 gxf4 39. Kf2 Kf5 40.
Bb3 Bd5 41. Bc2+ Be4 42. Ba4 h5 43. Bb5 h4 44. Bf1 Rd1 45. Bh3+ Kg5 46. Bf1 Rc1
47. Bd4 Rc2+ 48. Kg1 a5 49. a3 a4 50. Bc3 f3 51. Bd4 Kf4 52. h3 Rd2 53. Bc5
Rxb2 54. Bd6+ Kf5 55. Bc5 Ra2 56. Bb5 Ke5 57. Bxa4 f2+ 58. Bxf2 Ra1+ 0-1

[Event "FBL 1"]
[Site "Deutschland"]
[Date "2010.03.14"]
[Round "9.2"]
[White "Kulovana, Eva"]
[Black "Jussupow, Ekaterina"]
[Result "1-0"]
[WhiteElo "2287"]
[BlackElo "2153"]
[PlyCount "91"]
[EventDate "2009.11.07"]
[EventType "team"]
[EventCountry "GER"]
[WhiteTeam "SK Großlehna"]
[BlackTeam "SV Wolfbusch"]

1. e4 d5 2. exd5 Qxd5 3. Nc3 Qa5 4. Bc4 Nf6 5. d3 g6 6. Bd2 Qb6 7. Nf3 Bg7 8.
O-O O-O 9. h3 c6 10. Bb3 Nbd7 11. Re1 e6 12. Bf4 Nd5 13. Na4 Qd8 14. Bd6 b5 15.
Bxf8 Qxf8 16. Bxd5 cxd5 17. Nc3 b4 18. Na4 Ba6 19. d4 Rc8 20. a3 Bb5 21. axb4
Qxb4 22. Nc3 a5 23. Nxb5 Qxb5 24. b3 Nb8 25. Ra4 Nc6 26. c4 Qb6 27. cxd5 exd5
28. Ne5 Nb4 29. Qf3 Rc7 30. Rd1 Qb5 31. Ng4 Qb6 32. Rxb4 axb4 33. Qxd5 Rc8 34.
Ne5 Qc7 35. Nf3 Qc3 36. g3 Bf6 37. Ne5 Qc7 38. Ra1 Kg7 39. Ra6 Rd8 40. Qe4 Bxe5
41. dxe5 Rd1+ 42. Kg2 Qc3 43. e6 Re1 44. Qb7 Qf6 45. exf7 Qxf7 46. Ra7 1-0

[Event "FBL 1"]
[Site "Deutschland"]
[Date "2010.03.14"]
[Round "9.3"]
[White "Erben, Larissa"]
[Black "Voicu, Carmen"]
[Result "1/2-1/2"]
[WhiteElo "2023"]
[BlackElo "2285"]
[PlyCount "53"]
[EventDate "2009.11.07"]
[EventType "team"]
[EventCountry "GER"]
[WhiteTeam "SV Wolfbusch"]
[BlackTeam "SK Großlehna"]

1. e4 c5 2. Nf3 e6 3. d4 cxd4 4. Nxd4 Nf6 5. Nc3 d6 6. g4 h6 7. h4 Be7 8. Rg1
d5 9. Bb5+ Kf8 10. Qd3 a6 11. Ba4 e5 12. Nf5 dxe4 13. Nxe4 Bxf5 14. gxf5 Qxd3
15. cxd3 Nxe4 16. dxe4 Bxh4 17. Bd2 Nc6 18. Bxc6 bxc6 19. Rc1 Rc8 20. Rc5 f6
21. Ke2 Bg5 22. Bxg5 hxg5 23. Rgc1 Rh4 24. Ke3 Rh3+ 25. Ke2 Rh4 26. Ke3 Rh3+
27. Ke2 1/2-1/2

[Event "FBL 1"]
[Site "Deutschland"]
[Date "2010.03.14"]
[Round "9.4"]
[White "Havlikova, Kristyna"]
[Black "Djalalova, Nigora"]
[Result "1-0"]
[WhiteElo "2185"]
[BlackElo "1984"]
[PlyCount "109"]
[EventDate "2009.11.07"]
[EventType "team"]
[EventCountry "GER"]
[WhiteTeam "SK Großlehna"]
[BlackTeam "SV Wolfbusch"]

1. e4 a6 2. d4 b5 3. Bd3 Bb7 4. Nf3 Nf6 5. Qe2 e6 6. a4 c5 7. dxc5 Bxc5 8. O-O
b4 9. Nbd2 d5 10. e5 Nfd7 11. Nb3 Be7 12. Nfd4 Nc5 13. Nxc5 Bxc5 14. Nb3 Be7
15. Qg4 g6 16. Bh6 Nc6 17. Rfe1 Rg8 18. a5 Qd7 19. Nd4 Nxd4 20. Qxd4 Rc8 21. b3
Qc6 22. Bd2 Qc5 23. Qf4 h5 24. Be3 Qc6 25. Qd4 Kd7 26. Ra4 Qc3 27. Qxc3 bxc3
28. Bd4 Rc7 29. Rb1 Rb8 30. Raa1 Bb4 31. Bb6 Rcc8 32. Ra4 Bc5 33. Bxc5 Rxc5 34.
b4 Bc8 35. Rb3 Rc7 36. b5 axb5 37. Bxb5+ Ke7 38. a6 Ra7 39. Raa3 d4 40. Kf1 f6
41. exf6+ Kxf6 42. Ke2 e5 43. Bd3 Rxb3 44. Rxb3 Bf5 45. Rb6+ Kg5 46. f3 h4 47.
Be4 Bxe4 48. fxe4 Kf4 49. Kd3 Kg5 50. Re6 h3 51. gxh3 Kh4 52. Rxg6 Kxh3 53. Re6
Kxh2 54. Rxe5 Rxa6 55. Kxd4 1-0

[Event "FBL 1"]
[Site "Deutschland"]
[Date "2010.03.14"]
[Round "9.5"]
[White "Stitterich, Nadine"]
[Black "Nagel, Verena"]
[Result "0-1"]
[WhiteElo "1956"]
[BlackElo "2043"]
[PlyCount "102"]
[EventDate "2009.11.07"]
[EventType "team"]
[EventCountry "GER"]
[WhiteTeam "SV Wolfbusch"]
[BlackTeam "SK Großlehna"]

1. e4 e5 2. Nf3 Nc6 3. Bb5 Nf6 4. O-O d6 5. Re1 Bd7 6. c3 g6 7. d4 Qe7 8. d5
Nd8 9. Bd3 Bg7 10. c4 O-O 11. Nc3 Ne8 12. b4 a5 13. Rb1 axb4 14. Rxb4 b6 15.
Bb1 Nb7 16. Nb5 Nc5 17. Be3 f5 18. Bxc5 bxc5 19. Ra4 Rb8 20. Ra5 Qd8 21. Nc3 h6
22. Qc1 Nf6 23. Qa3 Rb4 24. Nd2 Ng4 25. Rf1 Qg5 26. Nf3 Qh5 27. h3 Nf6 28. Nd2
f4 29. Nb5 Bxb5 30. Rxb5 Rb8 31. Rxb8+ Rxb8 32. Qa7 Rf8 33. Qxc7 Qe2 34. Qa5 g5
35. Qc3 Qh5 36. Qf3 Qg6 37. Bc2 h5 38. g4 fxg3 39. fxg3 Nxd5 40. Qd3 Nb4 41.
Rxf8+ Bxf8 42. Qb3 g4 43. a3 Nc6 44. Bd1 Nd4 45. Qd3 gxh3 46. Nb3 Ne6 47. Qf3
Bh6 48. Kh2 h4 49. gxh4 Bf4+ 50. Kxh3 Qg1 51. Qg4+ Ng5+ 0-1

[Event "FBL 1"]
[Site "Deutschland"]
[Date "2010.03.14"]
[Round "9.6"]
[White "Skogvall, Martina"]
[Black "Haecker, Gabriele"]
[Result "0-1"]
[WhiteElo "2100"]
[BlackElo "1987"]
[PlyCount "108"]
[EventDate "2009.11.07"]
[EventType "team"]
[EventCountry "GER"]
[WhiteTeam "SK Großlehna"]
[BlackTeam "SV Wolfbusch"]

1. e4 Nf6 2. Nc3 d5 3. e5 d4 4. exf6 dxc3 5. fxg7 cxd2+ 6. Bxd2 Bxg7 7. Qf3 Nc6
8. Bb5 Bd7 9. Bc3 Rg8 10. O-O-O Bxc3 11. Qxc3 e6 12. Bxc6 Qg5+ 13. Kb1 Bxc6 14.
Ne2 Rd8 15. Nd4 Bxg2 16. Rhe1 Qf4 17. f3 Rd5 18. Qd3 Kf8 19. c4 Rd6 20. Qa3 Kg7
21. Re4 Qf6 22. c5 Rd5 23. Qb3 Kh8 24. Qc3 Bh3 25. Rde1 Bf5 26. Nxf5 Qxc3 27.
bxc3 Rxf5 28. R1e2 Rxf3 29. Kb2 Rd3 30. Ra4 Ra8 31. Rb4 b6 32. Rf4 Rd7 33. c6
Re7 34. Rd4 f5 35. Rf4 Rf8 36. Rd4 Kg7 37. Kc2 Kf6 38. Ra4 Rd8 39. Rd2 Rxd2+
40. Kxd2 e5 41. Rxa7 Ke6 42. Ra8 e4 43. Ke3 Rf7 44. Kf4 Kd5 45. Rd8+ Kxc6 46.
a4 Kc5 47. Rd4 c6 48. h4 Re7 49. Kxf5 e3 50. Rd1 Kc4 51. Kf6 e2 52. Re1 Re4 53.
h5 Kxc3 54. Kg7 Kd2 0-1

[Event "FBL O"]
[Site "Deutschland"]
[Date "2009.11.07"]
[Round "1.1"]
[White "Szczepkowska Horowska, Karina"]
[Black "Busse, Nadine"]
[Result "1-0"]
[WhiteElo "2318"]
[BlackElo "1976"]
[PlyCount "63"]
[EventDate "2009.11.07"]
[EventType "team"]
[EventCountry "GER"]
[WhiteTeam "BSV Weißblau Allianz Leipzig"]
[BlackTeam "SV Glück auf Rüdersdorf"]

1. e4 c5 2. Nf3 e6 3. d3 Nc6 4. Nbd2 d6 5. g3 g6 6. Bg2 Bg7 7. O-O Nge7 8. Re1
O-O 9. Nf1 Rb8 10. h4 Nd4 11. Nxd4 cxd4 12. h5 Nc6 13. Nh2 e5 14. Bd2 Be6 15.
Qe2 Qd7 16. Rf1 Rbe8 17. a3 Re7 18. Bg5 f6 19. Bd2 Bh8 20. Rae1 Ref7 21. f4 f5
22. exf5 Bxf5 23. hxg6 hxg6 24. Rf2 Be6 25. Ref1 Ne7 26. fxe5 Rxf2 27. Rxf2
Rxf2 28. Qxf2 dxe5 29. Nf3 Qc7 30. Ng5 Bd5 31. Bb4 Bg7 32. Bxe7 1-0

[Event "FBL O"]
[Site "Deutschland"]
[Date "2009.11.07"]
[Round "1.2"]
[White "Kind, Veronika"]
[Black "Levushkina, Elena"]
[Result "0-1"]
[WhiteElo "1969"]
[BlackElo "2307"]
[PlyCount "54"]
[EventDate "2009.11.07"]
[EventType "team"]
[EventCountry "GER"]
[WhiteTeam "SV Glück auf Rüdersdorf"]
[BlackTeam "BSV Weißblau Allianz Leipzig"]

1. e4 g6 2. d4 Bg7 3. Nc3 d6 4. Be3 a6 5. Nf3 Nf6 6. h3 O-O 7. Be2 b5 8. a3 Bb7
9. Bd3 Nbd7 10. O-O c5 11. e5 dxe5 12. Nxe5 Nxe5 13. dxe5 Nd5 14. Qf3 Nxe3 15.
Qxe3 Qc7 16. f4 Rad8 17. Be4 b4 18. axb4 cxb4 19. Bxb7 bxc3 20. Be4 cxb2 21.
Rxa6 Rb8 22. Rb1 Bh6 23. Bd3 Rfd8 24. Ra7 Rxd3 25. cxd3 Qc2 26. Rxb2 Rxb2 27.
Qf3 Qc5+ 0-1

[Event "FBL O"]
[Site "Deutschland"]
[Date "2009.11.07"]
[Round "1.3"]
[White "Matras Clement, Agnieszka"]
[Black "Pachow, Steffi"]
[Result "1-0"]
[WhiteElo "2231"]
[BlackElo "2003"]
[PlyCount "99"]
[EventDate "2009.11.07"]
[EventType "team"]
[EventCountry "GER"]
[WhiteTeam "BSV Weißblau Allianz Leipzig"]
[BlackTeam "SV Glück auf Rüdersdorf"]

1. e4 c5 2. Nc3 Nc6 3. f4 g6 4. Nf3 Bg7 5. Bb5 e6 6. Bxc6 bxc6 7. d3 d5 8. O-O
Ne7 9. e5 O-O 10. b3 Nf5 11. Re1 Qa5 12. Bd2 Qc7 13. Na4 Qe7 14. c4 Rd8 15. Ba5
Rd7 16. Qe2 Ba6 17. Qf2 Bf8 18. Rac1 Rc8 19. Bc3 d4 20. Bb2 Qd8 21. Ba3 Qa5 22.
Qd2 Qd8 23. Ng5 Rdc7 24. Ne4 Bg7 25. Naxc5 Bb7 26. Bb4 Ba8 27. Ba5 Qe7 28. Bxc7
Qxc7 29. Qf2 Qe7 30. b4 Rb8 31. a3 h6 32. Nb3 Rd8 33. c5 Ne3 34. Nd6 Nd5 35.
Nxd4 h5 36. Re2 Bh6 37. Re4 a6 38. Rf1 Rf8 39. Qg3 Kh7 40. Nf3 Kh8 41. Ng5 Nc3
42. Ree1 Nd5 43. Ngxf7+ Rxf7 44. Qxg6 Rh7 45. f5 Nf4 46. Qf6+ Kg8 47. Rf3 h4
48. Re4 Qxf6 49. exf6 Nd5 50. fxe6 1-0

[Event "FBL O"]
[Site "Deutschland"]
[Date "2009.11.07"]
[Round "1.4"]
[White "Voigt, Anna"]
[Black "Germann, Heike"]
[Result "0-1"]
[WhiteElo "2076"]
[BlackElo "2084"]
[PlyCount "110"]
[EventDate "2009.11.07"]
[EventType "team"]
[EventCountry "GER"]
[WhiteTeam "SV Glück auf Rüdersdorf"]
[BlackTeam "BSV Weißblau Allianz Leipzig"]

1. d4 Nf6 2. Nf3 g6 3. c4 Bg7 4. Nc3 d6 5. Bg5 h6 6. Bh4 O-O 7. e3 Nbd7 8. Bd3
c6 9. O-O Qc7 10. Rc1 e5 11. h3 Nh5 12. Bb1 Re8 13. Re1 Nf8 14. b4 g5 15. Bg3
Nxg3 16. fxg3 g4 17. hxg4 Bxg4 18. Qd2 Rad8 19. a3 exd4 20. exd4 d5 21. Ne2
dxc4 22. Rxc4 Qd6 23. Kf2 Ne6 24. Qd3 Kf8 25. Ba2 Re7 26. Rh1 Bxf3 27. gxf3
Nxd4 28. Nxd4 Bxd4+ 29. Kg2 Bg7 30. Qxd6 Rxd6 31. Rc2 Rd3 32. a4 Ree3 33. Rf1
Ra3 34. a5 Bc3 35. b5 cxb5 36. Bd5 Bxa5 37. Rc8+ Kg7 38. Bxb7 b4 39. Rd1 Re2+
40. Kh3 Re7 41. Be4 Bc7 42. Rc1 Be5 43. Rd1 Rc3 44. Ra8 b3 45. Rdd8 b2 46. Rh8
Rec7 47. Rae8 f5 48. Bxf5 Rxf3 49. Reg8+ Kf6 50. Rf8+ Rf7 51. Rxf7+ Kxf7 52.
Rh7+ Kf6 53. Be4 Rxg3+ 54. Kh4 Rg1 55. Rb7 a5 0-1

[Event "FBL O"]
[Site "Deutschland"]
[Date "2009.11.07"]
[Round "1.5"]
[White "Just, Anita"]
[Black "Walther, Madlen"]
[Result "1-0"]
[WhiteElo "1992"]
[BlackElo "1881"]
[PlyCount "87"]
[EventDate "2009.11.07"]
[EventType "team"]
[EventCountry "GER"]
[WhiteTeam "BSV Weißblau Allianz Leipzig"]
[BlackTeam "SV Glück auf Rüdersdorf"]

1. e4 Nf6 2. Nc3 d5 3. e5 Ne4 4. Nge2 Nc6 5. d4 Bf5 6. Be3 e6 7. Nxe4 Bxe4 8.
Ng3 Qh4 9. Qd2 O-O-O 10. Bg5 Qg4 11. h3 Bxc2 12. hxg4 Bb4 13. Bxd8 Kxd8 14.
Qxb4 Nxb4 15. Kd2 Bg6 16. Kc3 Nc6 17. f4 h6 18. f5 exf5 19. gxf5 Bh7 20. Bd3
Kd7 21. Nh5 Rg8 22. Nf4 Ne7 23. f6 Bxd3 24. Kxd3 g5 25. Ne2 Nf5 26. Nc3 c6 27.
Rh3 Ke6 28. Na4 b6 29. Rc1 Kd7 30. g4 Nh4 31. Ke2 Rh8 32. Rch1 Ke6 33. Nc3 c5
34. Kd3 c4+ 35. Ke2 a6 36. Nd1 b5 37. Ne3 b4 38. Kf2 Rc8 39. Ng2 Nxg2 40. Kxg2
c3 41. bxc3 bxc3 42. Rc1 c2 43. Rd3 Rc4 44. Rd2 1-0

[Event "FBL O"]
[Site "Deutschland"]
[Date "2009.11.07"]
[Round "1.1"]
[White "Gasch, Franziska"]
[Black "Jaracz, Barbara"]
[Result "0-1"]
[WhiteElo "1979"]
[BlackElo "2276"]
[PlyCount "94"]
[EventDate "2009.11.07"]
[EventType "team"]
[EventCountry "GER"]
[WhiteTeam "SC Leipzig-Lindenau"]
[BlackTeam "SV Guben 1990"]

1. e4 e5 2. Bc4 Nf6 3. d3 Bc5 4. Nf3 Nc6 5. c3 d6 6. b4 Bb6 7. O-O O-O 8. Nbd2
Ne7 9. Re1 Ng6 10. Nf1 h6 11. Ng3 c6 12. Bb3 Re8 13. d4 Bg4 14. h3 Bxf3 15.
gxf3 Nh4 16. Be3 Nh7 17. f4 exf4 18. Bxf4 Ng5 19. Bxg5 Qxg5 20. Kh1 c5 21. Rg1
Qf4 22. dxc5 dxc5 23. Nh5 Qxe4+ 24. f3 Qf5 25. Bxf7+ Kh8 26. Rg4 Qxf7 27. Rxh4
Bd8 28. Nxg7 Bxh4 29. Nxe8 Rxe8 30. Qd3 Qe6 31. f4 cxb4 32. cxb4 Qe4+ 33. Qxe4
Rxe4 34. b5 Rxf4 35. a4 Bf6 36. Rc1 Rxa4 37. Rc8+ Kg7 38. Rc7+ Kg6 39. Rxb7 Bd4
40. Rd7 Bb6 41. Rd5 Rf4 42. Rd1 Rf5 43. Rb1 Kf6 44. Kg2 Ke6 45. Kg3 h5 46. Rb2
Kd6 47. Rb3 Kc5 0-1

[Event "FBL O"]
[Site "Deutschland"]
[Date "2009.11.07"]
[Round "1.3"]
[White "Niesch, Franziska"]
[Black "Demidowicz, Maria"]
[Result "1-0"]
[WhiteElo "1904"]
[BlackElo "2082"]
[PlyCount "111"]
[EventDate "2009.11.07"]
[EventType "team"]
[EventCountry "GER"]
[WhiteTeam "SC Leipzig-Lindenau"]
[BlackTeam "SV Guben 1990"]

1. d4 Nf6 2. c4 g6 3. Nc3 Bg7 4. e4 O-O 5. f4 d6 6. Bd3 c5 7. d5 e6 8. Nf3 exd5
9. cxd5 b5 10. O-O c4 11. Bc2 Qb6+ 12. Kh1 Nbd7 13. Qe1 Re8 14. Be3 Qb7 15. Nd4
a6 16. f5 b4 17. fxg6 hxg6 18. Nd1 Nxe4 19. Nc6 Ndf6 20. Bd4 Bd7 21. Bxe4 Rxe4
22. Qf2 Bf5 23. Ne3 Rxe3 24. Bxe3 Nxd5 25. Nd4 Nxe3 26. Qxe3 Be4 27. Rf2 Re8
28. Qd2 Qd5 29. Rd1 Qc5 30. Qf4 Re7 31. Ne2 g5 32. Qg3 d5 33. Rdf1 d4 34. Qb8+
Bf8 35. Ng3 Bd3 36. Nh5 f5 37. Qg3 Bh6 38. Rd1 Qe5 39. Qxe5 Rxe5 40. Nf6+ Kf7
41. Nd7 Rd5 42. Nb6 Re5 43. h3 Bf8 44. b3 Re2 45. Kg1 Bc5 46. Nxc4 Bxc4 47.
Rxf5+ Ke6 48. Rxc5 Bd5 49. Rxd4 Bxg2 50. Rxg5 Bxh3 51. Rxb4 Rxa2 52. Rb6+ Kf7
53. Rh5 Bc8 54. Rh7+ Ke8 55. Rg6 Kf8 56. Rc7 1-0

[Event "FBL O"]
[Site "Deutschland"]
[Date "2009.11.07"]
[Round "1.4"]
[White "Sikorska, Agata"]
[Black "Neumeyer, Hannelore"]
[Result "1-0"]
[WhiteElo "2086"]
[BlackElo "2055"]
[PlyCount "73"]
[EventDate "2009.11.07"]
[EventType "team"]
[EventCountry "GER"]
[WhiteTeam "SV Guben 1990"]
[BlackTeam "SC Leipzig-Lindenau"]

1. e4 e5 2. Nf3 f5 3. Nxe5 Qf6 4. d4 d6 5. Nc4 fxe4 6. Nc3 Qg6 7. Bf4 Nf6 8.
Qd2 Be7 9. O-O-O O-O 10. Kb1 a6 11. h4 b5 12. Ne3 Qf7 13. g3 Bd7 14. Bg5 d5 15.
Bxf6 Bxf6 16. Ncxd5 Be6 17. Nxf6+ Qxf6 18. Bg2 Qxf2 19. Bxe4 Qxd2 20. Rxd2 Ra7
21. d5 Bd7 22. Re1 a5 23. Ng2 Na6 24. Nf4 Nc5 25. Bg2 Ra6 26. b3 Rd6 27. Kc1 h6
28. h5 Bf5 29. Re7 Rc8 30. Bf3 b4 31. Rde2 a4 32. g4 Bd7 33. Ng6 axb3 34. axb3
Bb5 35. R2e3 Ra6 36. R7e5 Rd6 37. Ne7+ 1-0